[Event "Matinhos op 6th"]
[Site "Matinhos"]
[Date "2022.09.21"]
[Round "5.19"]
[White "Dos Santos, Kaua Pirucelli"]
[Black "Estrada, Joao Felipe Rebuski"]
[Result "0-1"]
[WhiteElo "1800"]
[BlackElo "1800"]
[PlyCount "84"]
[EventDate "2022.09.18"]
[EventType "swiss"]
[EventRounds "7"]
[EventCountry "BRA"]
[SourceTitle "CBM 210 Extra"]
[Source "ChessBase"]
[SourceDate "2022.11.30"]
[SourceVersion "1"]
[SourceVersionDate "2022.11.30"]
[SourceQuality "1"]

1. e4 c5 2. c3 d5 3. exd5 Qxd5 4. d4 cxd4 5. cxd4 Nc6 6. Nf3 Bg4 7. Nc3 Bxf3 8. Nxd5 Bxd1 9. Nc7+ Kd8 10. Nxa8 Bh5 11. Bf4 Nxd4 12. Rc1 e5 13. f3 exf4 14. Rd1 Bc5 15. Kf2 a5 16. a3 Kc8 17. Ke1 Nf6 18. Rc1 Re8+ 19. Kd1 Nb3 20. Rc3 Kb8 21. Rxb3 Kxa8 22. Bc4 Ne4 23. Kc2 Nf2 24. Rf1 Bg6+ 25. Bd3 Bxd3+ 26. Rxd3 Nxd3 27. Kxd3 b5 28. g3 fxg3 29. hxg3 f5 30. Rc1 Rd8+ 31. Ke2 Rd5 32. Rd1 Rxd1 33. Kxd1 Bf2 34. g4 fxg4 35. fxg4 Bc5 36. Kc2 Kb7 37. Kd3 Kc6 38. Ke4 Kd6 39. Kf4 Bd4 40. b3 a4 41. b4 Bb2 42. Ke4 Bxa3 0-1